000 00633nam a2200241Ia 4500
003 OSt
005 20220924122756.0
006 a|||||r|||| 00| 0
007 ta
008 220923b |||||||| |||| 00| 0 urd d
024 _a321758
037 _cTextual
040 _aARTS
_cARTS
_burd
041 _2urd
_aurd
082 _aQ71:3, 168C5
100 _aBahadur Khan Au.
_9190690
245 0 _aMuallimul amal
260 _aLucknow
_bMunshi Nawal Kishore India
_c1895
650 _a THEOLOGY
650 _aISLAM
_9577
942 _hQ71:3, 168C5
_cTEXL
_2CC
999 _c413027
_d413027